00537nam a2200169Ia 4500020001500000082002000015245008800035260004000123300001200163504001900175650003000194650003300224650003400257650002800291650002500319700002300344 a8183700853 a306.095417 GLO- 0aGlobalization and the changing scenario of cultural interaction: Manipur experience aNew DelhibAkansha Publishingc2007 axiv,162 aincludes index aEthnologyzIndiazManipur aAssimilationzIndiazManipur aSocial changezIndiazManipur aCulturezIndiazManipur aGlobalisationzIndia aSingh, N. Joykumar